Literaturnoe nasledstvo neizdannyj Dostoevskij
| Format: | Book |
|---|---|
| Language: | Undetermined |
| Published: |
Moskva
"Nauka"
1971
|
MARC
| LEADER | 00000nam a2200000 a 4500 | ||
|---|---|---|---|
| 001 | vtls001411419 | ||
| 003 | SK-MaSNL | ||
| 005 | 20260224154949.0 | ||
| 008 | 210928s1971 xx 0 und | ||
| 035 | |a SNK000366125 | ||
| 040 | |a SNK |b slo |c SNK |e AACR2 | ||
| 245 | 1 | |a Literaturnoe nasledstvo neizdannyj Dostoevskij | |
| 260 | |a Moskva |b "Nauka" |c 1971 | ||
| 300 | |a 726 s. | ||
| 958 | |a OND | ||
| 999 | |c 1069141 |d 1071071 | ||
| 952 | |t P60, <04>, [BOOK], {604} |a SNK |b SNK |y VYP |7 0 |p 17A0297657 |o snkIB 520/83 |0 0 |1 0 |4 0 |d 2001-04-11 |l 0 |r 2005-01-02 00:00:00 |w 2026-02-24 | ||


